| Tag |
First Indicator |
Second Indicator |
Subfields |
| LEADER |
00000cam a2200000 a 4500 |
| 001 |
in00000014085 |
| 005 |
20151007052133.0 |
| 008 |
851011s1986 nyua 00010 eng |
| 010 |
|
|
|a 85026347
|
| 020 |
|
|
|a 0446513415
|
| 035 |
|
|
|a (OCoLC)12805241
|
| 035 |
|
|
|9 AAA6435AM
|
| 040 |
|
|
|a DLC
|c DLC
|d m/c
|d TXA
|d UtOrBLW
|
| 049 |
|
|
|a [Curr Col] TXAM
|c [A12607360]
|
| 050 |
0 |
0 |
|a LB1525.4
|b .M37 1986
|
| 082 |
0 |
|
|a 649/.58
|2 19
|
| 100 |
1 |
|
|a Martin, John Henry,
|d 1915-
|
| 245 |
1 |
0 |
|a Writing to read :
|b a parents' guide to the new, early learning program for young children /
|c John Henry Martin and Ardy Friedberg.
|
| 264 |
|
1 |
|a New York, NY :
|b Warner Books,
|c 1986.
|
| 300 |
|
|
|a xv, 205 pages :
|b illustrations ;
|c 24 cm.
|
| 336 |
|
|
|a text
|b txt
|2 rdacontent
|
| 337 |
|
|
|a unmediated
|b n
|2 rdamedia
|
| 338 |
|
|
|a volume
|b nc
|2 rdacarrier
|
| 650 |
|
0 |
|a Reading (Primary)
|x Computer-assisted instruction.
|
| 650 |
|
0 |
|a English language
|x Composition and exercises
|x Computer-assisted instruction.
|
| 650 |
|
0 |
|a Classroom learning centers.
|
| 700 |
1 |
|
|a Friedberg, Ardy.
|
| 999 |
|
|
|a MARS
|
| 999 |
f |
f |
|s e6fe9cf2-8d0e-3784-ae38-232e6cc31a02
|i cbebebd3-6728-37c1-b082-fc5c872e34f5
|t 0
|
| 952 |
f |
f |
|p normal
|a Texas A&M University
|b College Station
|c Sterling C. Evans Library
|d Evans: Library Stacks
|t 0
|e LB1525.4 .M37 1986
|h Library of Congress classification
|i unmediated -- volume
|m A14812607360
|
| 998 |
f |
f |
|a LB1525.4 .M37 1986
|t 0
|l Evans: Library Stacks
|